| 000 | 00839nam a22002177a 4500 | ||
|---|---|---|---|
| 005 | 20100814122129.0 | ||
| 010 | _aENG-100354 | ||
| 020 |
_a9788190633048 _c25.00 |
||
| 035 | _aEN-83886 | ||
| 037 | _bDBAD/PUB | ||
| 082 | _a306.2 | ||
| 100 |
_aHunter, Iris _913280 |
||
| 245 |
_aThey made revolution within the revolution : _bthe story of China's great poletarian cultural revolution / _cby Iris Hunter |
||
| 260 |
_aLucknow _bRahul Foundation _c2008 |
||
| 270 |
_a69, Baba Ka Purwa, Paper Mill Road, Nishatgunj _bLucknow _e226006 |
||
| 300 |
_a71p. _c20cm (pbk) |
||
| 650 |
_aCultural revolution _913281 |
||
| 650 |
_aPolitical science _913282 |
||
| 942 |
_2ddc _cEN _h306.2 _mHUN |
||
| 999 |
_c41870 _d41870 |
||